1947 1661 1974 1286 1808 1415 1129 1996 1913 1920 1769 1820 1948 1091 1876 1858 1482 1968 1624 1321 1363 1690 1638 1946 1601 1507 1234 1847 1002 1352 1100 1699 1730 1039 1921 1785 1096 1778 1160 1285 1589 1131 1119 1004 1916 2000 1567 1599 1366 1650 1999 1571 1910 1830 1071 1832 1908 1484 1941 1149 1845 1872 1849 1708 1108 1502 1792 1201 1422 1772 1146 1154 1566 1082 1125 1362 1381 1381 1704 1445 1446 1919 1020 1940 1151 1935 1313 1353 1726 1385 1667 1821 1980 1278 1290 1495 1671 1974 1533 BCNSPRNW ULIB Ver.6.0+V

เปลี่ยนเป็นภาษาไทย

Change to English
 แสดงรายละเอียดบรรณานุกรม
  กลับหน้าหลัก

Brief Record : Get Marc (ISO 2709) : E-mail record : QR code < ปิดหน้าต่าง
LEADER : 00000nam 2200000uu 4500
001    13399121042
003     ULIB
008    121031s2550||||th 000 0 tha d
020    ^a9740939887
050  4 ^aHD53^bอ257ท 2550
100 0  ^aอภิชัย ศรีเมือง
245 10 ^aเทคนิคการจัดกิจกรรมพนักงาน/^cอภิชัย ศรีเมือง
260    ^aกรุงเทพฯ :^bเอช อาร์ เซ็นเตอร์,^c2550
300    ^a200 หน้า :^bภาพประกอบ
650  7 ^aบริหาร
650  7 ^aจัดการพนักงาน
945    ^p190^l0^i18154
995    ^aกัณชพร
999    ^aทศพร เกษรทอง
รายการนี้ยังไม่มีแท็ก
คุณยังไม่ได้ล็อกอิน คุณสามารถมีกิจกรรมร่วมกับเว็บไซต์ได้ แต่ต้องล็อกอินก่อน ::
  ล็อกอิน

รายการสื่อสารสนเทศ

ลำดับที่ ประเภท เลขเรียก/บาร์โค้ด สถานที่ สถานะ
1. วิทยาศาสตร์การแพทย์ และสุขภาพ
วิทยาศาสตร์การแพทย์ และสุขภาพ
HD53 อ257ท 2550  
  Barcode: 18154
ห้องสมุดวิทยาเขตสวรรค์ประชารักษ์
►หนังสือทั่วไป
บนชั้น

รายการใกล้เคียง
    ผู้แต่ง [อภิชัย ศรีเมือง]

    หัวเรื่อง [บริหาร]
    หัวเรื่อง [จัดการพนักงาน]

BibComment


ยังไม่เคยถูกคอมเมนท์

คอมเมนท์ทรัพยากรรายการนี้
  คอมเมนท์: เทคนิคการจัดกิจก..


 Copyright 2026. Bcnsprnw @Library